[Event "Junior Online 4NCL Division 3"]
[Site "online"]
[Date "2021.04.15"]
[EventDate "2021.04.15"]
[Round "7.142"]
[White "Mangalagiri, Pranav"]
[WhiteElo "1103"]
[WhiteTeam "Uxbridge Juniors Berzerkers"]
[Black "Tricoli, Mark"]
[BlackElo "1100"]
[BlackTeam "Warwickshire Bears G"]
[Result "0-1"]
[PlyCount "82"]

1. e4 e5 2. Nf3 Nc6 3. Bc4 Bc5 4. O-O h6 5. d3 Nf6 6. Nc3 d6 7. h3 O-O 8. Be3 Bb6 9. a4 Qe7 10. a5 Bxa5 11. Nd5 Nxd5 12. Bxd5 Bb6 13. Bxb6 cxb6 14. Re1 Be6 15. c4 Nb4 16. Qb3 Nxd5 17. cxd5 Bd7 18. d4 exd4 19. Nxd4 h5 20. Qf3 h4 21. Nf5 Bxf5 22. exf5 Qf6 23. b3 Rae8 24. Rxe8 Qxa1+ 25. Kh2 Rxe8 26. f6 Re1 27. g4 hxg3+ 28. fxg3 Qb2+ 29. Qg2 Re2 30. Qxe2 Qxe2+ 31. Kg1 Qe3+ 32. Kg2 gxf6 33. b4 Qe2+ 34. Kg1 Qf3 35. Kh2 Qf2+ 36. Kh1 Qxg3 37. b5 f5 38. h4 f4 39. h5 f3 40. h6 Qh3+ 41. Kg1 Qg2# 0-1

[Event "Junior Online 4NCL Division 3"]
[Site "online"]
[Date "2021.04.15"]
[EventDate "2021.04.15"]
[Round "7.143"]
[White "Murthy, Rishab"]
[WhiteElo "1119"]
[WhiteTeam "Warwickshire Bears G"]
[Black "Kapoor, Devansh"]
[BlackElo "1024"]
[BlackTeam "Uxbridge Juniors Berzerkers"]
[Result "0-1"]
[PlyCount "48"]

1. d4 e6 2. Nc3 c5 3. dxc5 Bxc5 4. Nf3 Nc6 5. Bf4 Nf6 6. Nb5 Qa5+ 7. Nc3 Ne4 8. Qd3 Nxc3 9. bxc3 O-O 10. Bd6 Bxd6 11. Qxd6 Qxc3+ 12. Nd2 Qxa1+ 13. Nb1 Qxb1+ 14. Qd1 Qxd1+ 15. Kxd1 b6 16. e3 Ne5 17. f4 Ng4 18. Ke2 Ba6+ 19. Kf3 Bxf1 20. Rxf1 Nxh2+ 21. Kf2 Nxf1 22. Kxf1 Rac8 23. f5 Rxc2 24. fxe6 dxe6 0-1

[Event "Junior Online 4NCL Division 3"]
[Site "online"]
[Date "2021.04.15"]
[EventDate "2021.04.15"]
[Round "7.144"]
[White "Palampathi, Sanjit"]
[WhiteElo "1088"]
[WhiteTeam "Uxbridge Juniors Berzerkers"]
[Black "Gandhi, Preesh"]
[BlackElo "1065"]
[BlackTeam "Warwickshire Bears G"]
[Result "0-1"]
[PlyCount "58"]

1. e4 e5 2. Nf3 Nc6 3. Bc4 Bc5 4. Nc3 d6 5. O-O Bg4 6. d3 h6 7. Be3 Nd4 8. Nd5 Nxf3+ 9. gxf3 Bh5 10. Qe2 Nf6 11. Nxf6+ Qxf6 12. Kh1 Bxf3+ 13. Qxf3 Qxf3+ 14. Kg1 O-O 15. Bxc5 dxc5 16. Rae1 Rfd8 17. Re3 Qg4+ 18. Rg3 Qe2 19. f4 exf4 20. Rxf4 Qd2 21. Bxf7+ Kh8 22. Rf2 Qe1+ 23. Kg2 Rf8 24. Rgf3 Qc1 25. c3 Qg5+ 26. Rg3 Qe7 27. Bc4 Rxf2+ 28. Kxf2 Rf8+ 29. Kg2 Qf6 0-1

[Event "Junior Online 4NCL Division 3"]
[Site "online"]
[Date "2021.04.15"]
[EventDate "2021.04.15"]
[Round "7.145"]
[White "Das, Devorshi"]
[WhiteElo "1174"]
[WhiteTeam "Uxbridge Juniors Berzerkers"]
[Black "Sagyaman, Vassily M"]
[BlackElo "1126"]
[BlackTeam "Warwickshire Bears G"]
[Result "0-1"]
[PlyCount "48"]

1. e4 e5 2. Bc4 Nc6 3. Nc3 Nf6 4. Nf3 Bc5 5. d3 O-O 6. Be3 Bb6 7. O-O d6 8. Nd5 Nxd5 9. exd5 Na5 10. b3 Nxc4 11. dxc4 c6 12. dxc6 bxc6 13. Qd2 Bc7 14. Qd3 Re8 15. Ng5 f5 16. b4 e4 17. Qd4 h6 18. Nh3 Qh4 19. b5 d5 20. cxd5 f4 21. Bd2 Bxh3 22. gxh3 Qxh3 23. Bxf4 Bxf4 24. dxc6 Qxh2# 0-1

[Event "Junior Online 4NCL Division 3"]
[Site "online"]
[Date "2021.04.15"]
[EventDate "2021.04.15"]
[Round "7.146"]
[White "Tricoli, Mark"]
[WhiteElo "1100"]
[WhiteTeam "Warwickshire Bears G"]
[Black "Mangalagiri, Pranav"]
[BlackElo "1103"]
[BlackTeam "Uxbridge Juniors Berzerkers"]
[Result "0-1"]
[PlyCount "128"]

1. e4 c5 2. Bc4 d6 3. Nf3 Nc6 4. Nc3 Bg4 5. d3 Nf6 6. Bg5 e6 7. h3 Bh5 8. Qe2 Nd4 9. Qd1 Nxf3+ 10. gxf3 Be7 11. Bb5+ Nd7 12. Bxe7 Qxe7 13. Bxd7+ Qxd7 14. Qd2 Bxf3 15. Rg1 f6 16. Qe3 Bh5 17. Qg3 Bg6 18. O-O-O O-O-O 19. f4 Rhg8 20. d4 c4 21. d5 e5 22. f5 Bh5 23. Rde1 g5 24. Qf2 h6 25. Rg2 Kb8 26. Reg1 Rc8 27. h4 g4 28. Kb1 Qc7 29. Qe3 Qh7 30. Rd2 Rc7 31. Rgd1 Rcg7 32. Rg2 g3 33. Rdg1 Be8 34. Rxg3 Rxg3 35. Rxg3 Rxg3 36. Qxg3 h5 37. Qe3 b5 38. b4 cxb3 39. cxb3 Qg7 40. Kb2 Qg2+ 41. Ka3 Qh2 42. Kb4 Qf4 43. Qg1 Qg4 44. Qe3 Qxh4 45. Nxb5 Bxb5 46. Kxb5 Qf4 47. Qg1 h4 48. Ka6 Qxe4 49. Qxa7+ Kc8 50. Kb6 Qe3+ 51. Ka6 Qxa7+ 52. Kxa7 h3 53. Ka6 h2 54. Ka5 h1=Q 55. b4 Qxd5+ 56. b5 Qa8+ 57. Kb4 e4 58. b6 e3 59. Kb5 e2 60. b7+ Qxb7+ 61. Kc4 e1=Q 62. Kd4 Qbb4+ 63. Kd5 Qe5+ 64. Kc6 Qec5# 0-1

[Event "Junior Online 4NCL Division 3"]
[Site "online"]
[Date "2021.04.15"]
[EventDate "2021.04.15"]
[Round "7.148"]
[White "Gandhi, Preesh"]
[WhiteElo "1065"]
[WhiteTeam "Warwickshire Bears G"]
[Black "Palampathi, Sanjit"]
[BlackElo "1088"]
[BlackTeam "Uxbridge Juniors Berzerkers"]
[Result "1-0"]
[PlyCount "25"]

1. e4 e5 2. Nf3 Nc6 3. Bc4 Be7 4. Nc3 Nf6 5. d3 d6 6. h3 O-O 7. O-O h6 8. Be3 Be6 9. Bb3 Nd4 10. Bxd4 exd4 11. Nxd4 Bxb3 12. axb3 c5 13. Nf5 1-0

[Event "Junior Online 4NCL Division 3"]
[Site "online"]
[Date "2021.04.15"]
[EventDate "2021.04.15"]
[Round "7.151"]
[White "Soulier, Alfred"]
[WhiteElo "1647"]
[WhiteTeam "KCJS 2"]
[Black "Grahame, Silas"]
[BlackElo "1075"]
[BlackTeam "Harrow Juniors F"]
[Result "1-0"]
[PlyCount "105"]

1. d4 c6 2. c4 d5 3. Nf3 Nf6 4. Nc3 e6 5. Bg5 Nbd7 6. e3 Bb4 7. Qb3 Bxc3+ 8. Qxc3 O-O 9. Bd3 g6 10. O-O Rb8 11. Rac1 b5 12. cxd5 exd5 13. Qxc6 Re8 14. Bf4 Bb7 15. Qc7 Ne4 16. Ne5 Nxe5 17. Bxe5 Nd2 18. Rfd1 Ne4 19. Qxb8 Qxb8 20. Bxb8 Rxb8 21. Bxe4 dxe4 22. Rc7 b4 23. Rdc1 Kg7 24. Kf1 a5 25. b3 Ba6+ 26. Ke1 Bb5 27. f3 exf3 28. gxf3 Rb6 29. e4 Rf6 30. Kf2 a4 31. d5 axb3 32. axb3 Kf8 33. R7c5 Bd3 34. Re1 g5 35. e5 Rf4 36. d6 g4 37. Re3 Bf5 38. Kg3 Rxf3+ 39. Rxf3 gxf3 40. Kxf3 Ke8 41. Kf4 Be6 42. Rb5 Bxb3 43. Rxb4 Be6 44. Kg5 f6+ 45. Kxf6 Kd7 46. Rb7+ Kc6 47. Rc7+ Kb6 48. Kxe6 Kb5 49. d7 Kb6 50. d8=Q Kb5 51. Qd5+ Kb6 52. Qc5+ Ka6 53. Ra7# 1-0

[Event "Junior Online 4NCL Division 3"]
[Site "online"]
[Date "2021.04.15"]
[EventDate "2021.04.15"]
[Round "7.152"]
[White "Wang, Xiling"]
[WhiteElo "894"]
[WhiteTeam "Harrow Juniors F"]
[Black "Patel, Zain"]
[BlackElo "1573"]
[BlackTeam "KCJS 2"]
[Result "0-1"]
[PlyCount "68"]

1. e4 c5 2. Nf3 d6 3. d4 cxd4 4. Nxd4 Nf6 5. f3 a6 6. Bg5 e6 7. Bc4 Be7 8. Nc3 O-O 9. f4 b5 10. Bd3 Nbd7 11. Nc6 Qe8 12. Nxe7+ Qxe7 13. O-O h6 14. Bxf6 Qxf6 15. e5 dxe5 16. fxe5 Qxe5 17. Re1 Qc5+ 18. Kh1 Bb7 19. Ne4 Qd5 20. Qf3 Ne5 21. Qd1 Nxd3 22. Qxd3 Qc6 23. Kg1 f5 24. Re2 fxe4 25. Qc3 Qxc3 26. bxc3 Rac8 27. Re3 Rc4 28. a3 Rfc8 29. Kf2 Rxc3 30. Rxe4 Bxe4 31. Re1 Rxc2+ 32. Ke3 Bxg2 33. Rg1 e5 34. h4 R8c3# 0-1

[Event "Junior Online 4NCL Division 3"]
[Site "online"]
[Date "2021.04.15"]
[EventDate "2021.04.15"]
[Round "7.153"]
[White "Kucukyildiz, Alp Tugrul"]
[WhiteElo "1421"]
[WhiteTeam "KCJS 2"]
[Black "Patel-Davis, Riyan"]
[BlackElo "876"]
[BlackTeam "Harrow Juniors F"]
[Result "1-0"]
[PlyCount "39"]

1. e4 e5 2. Nf3 Nc6 3. Bb5 d6 4. d4 f6 5. d5 a6 6. Bxc6+ bxc6 7. dxc6 Rb8 8. Nc3 Be6 9. b3 Ne7 10. Bb2 d5 11. exd5 Nxd5 12. Nxd5 Bxd5 13. O-O Bxf3 14. Qxf3 Bb4 15. Rad1 Qe7 16. Rd7 Qc5 17. Rxg7 Rb6 18. Qxf6 Rxc6 19. Qf7+ Kd8 20. Qd7# 1-0

[Event "Junior Online 4NCL Division 3"]
[Site "online"]
[Date "2021.04.15"]
[EventDate "2021.04.15"]
[Round "7.154"]
[White "Horwood, Alexander"]
[WhiteElo "640"]
[WhiteTeam "Harrow Juniors F"]
[Black "Singh, Hari"]
[BlackElo "1283"]
[BlackTeam "KCJS 2"]
[Result "0-1"]
[PlyCount "120"]

1. e4 c5 2. Nc3 a6 3. Nf3 Nc6 4. d4 cxd4 5. Nxd4 Nf6 6. Nxc6 bxc6 7. e5 Ng8 8. Bf4 f6 9. Bc4 fxe5 10. Bxe5 Nf6 11. Ne2 Qa5+ 12. Bc3 Qb6 13. Nf4 Ne4 14. Qh5+ Kd8 15. f3 Qe3+ 16. Be2 Nxc3 17. bxc3 Qxf4 18. g3 Qh6 19. Qxh6 gxh6 20. O-O-O Bg7 21. f4 Bxc3 22. Bg4 Rb8 23. Rhf1 Rb2 24. Rf3 Rxa2 25. Rxc3 Ra1+ 26. Kd2 Rxd1+ 27. Kxd1 Kc7 28. Rb3 d6 29. Ra3 Bxg4+ 30. Ke1 Rb8 31. Rxa6 Rb1+ 32. Kd2 Rd1+ 33. Kc3 Rh1 34. Ra7+ Kd8 35. Ra8+ Kd7 36. Ra7+ Ke6 37. Ra4 Rxh2 38. Re4+ Kd7 39. Ra4 Bf5 40. Ra7+ Ke6 41. Ra1 Rxc2+ 42. Kb4 c5+ 43. Kb3 Rg2 44. Re1+ Kf6 45. Kc4 Rxg3 46. Kd5 Rg4 47. Kc6 Rxf4 48. Kc7 Re4 49. Ra1 h5 50. Ra7 h4 51. Kd8 h3 52. Ra1 h2 53. Rh1 Rh4 54. Rf1 h1=Q 55. Rxh1 Rxh1 56. Kc7 c4 57. Kc6 c3 58. Kd5 c2 59. Kd4 c1=Q 60. Kd5 Qc5# 0-1

[Event "Junior Online 4NCL Division 3"]
[Site "online"]
[Date "2021.04.15"]
[EventDate "2021.04.15"]
[Round "7.155"]
[White "Grahame, Silas"]
[WhiteElo "1075"]
[WhiteTeam "Harrow Juniors F"]
[Black "Soulier, Alfred"]
[BlackElo "1647"]
[BlackTeam "KCJS 2"]
[Result "0-1"]
[PlyCount "88"]

1. d4 Nf6 2. c4 g6 3. Nc3 Bg7 4. Bg5 O-O 5. Qd3 d6 6. O-O-O Bd7 7. Kb1 a6 8. Bxf6 Bxf6 9. Rc1 Nc6 10. a3 Nxd4 11. e3 Nc6 12. Nd5 Bg7 13. f4 e6 14. Nb4 Nxb4 15. axb4 Qf6 16. Rc2 Ba4 17. Rd2 Rfd8 18. e4 b5 19. cxb5 Bxb5 20. Qf3 Bxf1 21. Qxf1 c5 22. bxc5 dxc5 23. Re2 Rab8 24. Qc1 c4 25. Ka2 Rd4 26. e5 Qd8 27. Nf3 Qa5+ 28. Kb1 Rd5 29. Rd1 Rdb5 30. Ng5 c3 31. Rd7 Rxb2+ 32. Rxb2 Rxb2+ 33. Qxb2 cxb2 34. Kxb2 Qb5+ 35. Kc3 Qxd7 36. Kb4 Qb5+ 37. Kc3 Bxe5+ 38. Kc2 Bxf4 39. Nxf7 Kxf7 40. g3 Qc4+ 41. Kd1 Qd3+ 42. Ke1 Be3 43. h4 Qd2+ 44. Kf1 Qf2# 0-1

[Event "Junior Online 4NCL Division 3"]
[Site "online"]
[Date "2021.04.15"]
[EventDate "2021.04.15"]
[Round "7.156"]
[White "Patel, Zain"]
[WhiteElo "1573"]
[WhiteTeam "KCJS 2"]
[Black "Wang, Xiling"]
[BlackElo "894"]
[BlackTeam "Harrow Juniors F"]
[Result "1-0"]
[PlyCount "85"]

1. d4 d5 2. c4 dxc4 3. e3 Nf6 4. Bxc4 e6 5. Nc3 Bb4 6. Bd2 Nc6 7. Nf3 Nd5 8. O-O Nxc3 9. bxc3 Be7 10. e4 e5 11. dxe5 Bg4 12. Qb3 Bxf3 13. gxf3 Qxd2 14. Bxf7+ Kf8 15. Rad1 Qe2 16. Bh5 g6 17. Qxb7 Kg7 18. Qxc6 gxh5 19. Qxc7 Rhe8 20. e6 Qxf3 21. Qe5+ Bf6 22. Rd7+ Kg6 23. Qg3+ Qxg3+ 24. fxg3 Rf8 25. e7 Rfe8 26. Rd6 Rxe7 27. Rfxf6+ Kg7 28. Rfe6 Rxe6 29. Rxe6 Kf7 30. Rc6 Ke7 31. Rc7+ Kd6 32. Rxh7 Ke5 33. Rxh5+ Kxe4 34. Rc5 Rd8 35. Kg2 Rd2+ 36. Kh3 Kf3 37. Rf5+ Ke4 38. Ra5 Rd6 39. Rxa7 Rh6+ 40. Kg2 Re6 41. h4 Kf5 42. Ra5+ Kg4 43. Rg5# 1-0

[Event "Junior Online 4NCL Division 3"]
[Site "online"]
[Date "2021.04.15"]
[EventDate "2021.04.15"]
[Round "7.157"]
[White "Patel-Davis, Riyan"]
[WhiteElo "876"]
[WhiteTeam "Harrow Juniors F"]
[Black "Kucukyildiz, Alp Tugrul"]
[BlackElo "1421"]
[BlackTeam "KCJS 2"]
[Result "0-1"]
[PlyCount "154"]

1. e4 e5 2. Nf3 Nf6 3. Nxe5 d6 4. Nf3 Nxe4 5. d3 Nf6 6. Bg5 Be7 7. Nc3 c6 8. Qe2 O-O 9. O-O-O Bf5 10. Nd4 Bg6 11. h4 Bh5 12. f3 Qb6 13. Nb3 Re8 14. Bxf6 gxf6 15. Rh3 Bg6 16. h5 Bf5 17. Rg3+ Kf8 18. Qd2 Rc8 19. Qh6+ Ke8 20. Rg8+ Kd7 21. Re1 Rxg8 22. g4 Qf2 23. Rd1 Be6 24. Qxh7 Na6 25. Na5 Qe3+ 26. Kb1 Rh8 27. Qg7 Rag8 28. h6 Rxg7 29. hxg7 Rg8 30. Nxb7 Qxf3 31. d4 Bxg4 32. d5 Qxd1+ 33. Nxd1 Bxd1 34. dxc6+ Kxc6 35. Na5+ Kc7 36. Bxa6 Rxg7 37. Kc1 Rg2 38. Bd3 Bf3 39. Nc4 d5 40. Ne3 Rh2 41. Nxd5+ Kd6 42. Ne3 Ke5 43. Nc4+ Kf4 44. Nd2 Rh1+ 45. Nf1 Bc5 46. b3 Ba3+ 47. Kd2 Be4 48. Bc4 Bb4+ 49. c3 Bc5 50. b4 Bb6 51. Ke2 Bf3+ 52. Kd3 Rxf1 53. Kd2 Rd1+ 54. Kc2 Ke3 55. a4 f5 56. a5 f4 57. axb6 axb6 58. Ba6 Be2 59. c4 f3 60. c5 bxc5 61. bxc5 f2 62. c6 f1=Q 63. c7 Bxa6 64. Kc3 Qd3+ 65. Kb4 Rb1+ 66. Kc5 Qc4+ 67. Kd6 Rd1+ 68. Ke7 Qe6+ 69. Kf8 Qc8+ 70. Kxf7 Rd7+ 71. Ke6 Bc4+ 72. Kf6 Qf8+ 73. Ke5 Qd6+ 74. Kf5 Rf7+ 75. Kg4 Qf4+ 76. Kh5 Rg7 77. c8=Q Bf7# 0-1

[Event "Junior Online 4NCL Division 3"]
[Site "online"]
[Date "2021.04.15"]
[EventDate "2021.04.15"]
[Round "7.158"]
[White "Singh, Hari"]
[WhiteElo "1283"]
[WhiteTeam "KCJS 2"]
[Black "Horwood, Alexander"]
[BlackElo "640"]
[BlackTeam "Harrow Juniors F"]
[Result "1-0"]
[PlyCount "75"]

1. d4 d5 2. Nf3 Nc6 3. e3 Nf6 4. Bd3 Be6 5. b3 Bg4 6. a3 e5 7. dxe5 Nxe5 8. Be2 Nxf3+ 9. Bxf3 Bxf3 10. Qxf3 c6 11. Bb2 Qa5+ 12. Bc3 Qc5 13. O-O O-O-O 14. Qf5+ Nd7 15. Bd4 Qe7 16. Bxa7 Kc7 17. Qf4+ Qe5 18. Qxe5+ Nxe5 19. Bd4 Nd7 20. a4 Bd6 21. a5 Be5 22. Bxe5+ Nxe5 23. Nd2 Nd7 24. c4 dxc4 25. Nxc4 Nc5 26. Ra3 Na6 27. Ne5 Rd6 28. Nxf7 Rf8 29. Nxd6 Rd8 30. Ne4 Nb4 31. Ng5 Nc2 32. Ra2 Nb4 33. Ra4 Nc2 34. Ne6+ Kd7 35. Nxd8 Kxd8 36. Rc1 b5 37. Rg4 Nb4 38. Rxb4 1-0

[Event "Junior Online 4NCL Division 3"]
[Site "online"]
[Date "2021.04.15"]
[EventDate "2021.04.15"]
[Round "7.161"]
[White "Antonopoulos, Chris"]
[WhiteElo "1353"]
[WhiteTeam "Brentwood School B"]
[Black "Abraham, Leo"]
[BlackElo "1076"]
[BlackTeam "Leicestershire Juniors 3"]
[Result "1-0"]
[PlyCount "45"]

1. e4 e5 2. Nf3 Nc6 3. Bc4 h6 4. O-O Nf6 5. d3 Bc5 6. Nc3 d6 7. Be3 Nd4 8. Bxd4 Bxd4 9. Nxd4 exd4 10. Nd5 c5 11. c3 O-O 12. cxd4 cxd4 13. Qf3 Nxd5 14. Bxd5 Qb6 15. b3 Be6 16. Bxe6 fxe6 17. Qh3 e5 18. Qe6+ Kh8 19. Rac1 Rf6 20. Qd7 Rd8 21. Qe7 d5 22. Rc7 Rdf8 23. Qxg7# 1-0

[Event "Junior Online 4NCL Division 3"]
[Site "online"]
[Date "2021.04.15"]
[EventDate "2021.04.15"]
[Round "7.162"]
[White "Hilmi, Sofia"]
[WhiteElo "1148"]
[WhiteTeam "Leicestershire Juniors 3"]
[Black "Mouratidis, Markos"]
[BlackElo "1204"]
[BlackTeam "Brentwood School B"]
[Result "0-1"]
[PlyCount "84"]

1. e4 e5 2. Nf3 Nc6 3. Nc3 Bc5 4. Bb5 d6 5. Bxc6+ bxc6 6. d3 h6 7. O-O Nf6 8. h3 O-O 9. Bd2 Be6 10. Re1 Re8 11. Be3 Bb6 12. Bxb6 cxb6 13. Qd2 Qc7 14. Re2 Rad8 15. a3 d5 16. Rae1 d4 17. Na4 b5 18. Nc5 Qb6 19. Nxe6 Rxe6 20. c3 c5 21. cxd4 cxd4 22. Rc1 Qb7 23. Ree1 Rc8 24. Rc2 Rxc2 25. Qxc2 Rc6 26. Qb3 Re6 27. Rc1 a6 28. Rc5 Qb8 29. Qc2 Qd6 30. Nh4 g6 31. Qc1 Kg7 32. b4 Nh5 33. Rd5 Qe7 34. Nf3 Nf4 35. Qc2 h5 36. Rc5 g5 37. Rc7 Qf6 38. Qd2 Qd8 39. Rc5 Qf6 40. g3 Nxh3+ 41. Kh2 Qxf3 42. Kxh3 Qh1# 0-1

[Event "Junior Online 4NCL Division 3"]
[Site "online"]
[Date "2021.04.15"]
[EventDate "2021.04.15"]
[Round "7.163"]
[White "Cheema, Dilsher"]
[WhiteElo "936"]
[WhiteTeam "Brentwood School B"]
[Black "Sehgal, Garv"]
[BlackElo "955"]
[BlackTeam "Leicestershire Juniors 3"]
[Result "1-0"]
[PlyCount "117"]

1. e4 e5 2. Nf3 Bc5 3. Nxe5 Qe7 4. d4 Bd6 5. Bf4 Nf6 6. f3 Nc6 7. Nxc6 dxc6 8. e5 Bxe5 9. dxe5 Nh5 10. Bg3 Nxg3 11. hxg3 Qxe5+ 12. Qe2 Qxe2+ 13. Bxe2 O-O 14. O-O Bf5 15. c3 Bc2 16. Na3 Bf5 17. g4 Be6 18. Bc4 Bxc4 19. Nxc4 b5 20. Ne5 Rfe8 21. Nxc6 Re6 22. Nd4 Rd6 23. Rad1 c5 24. Nxb5 Rb6 25. Nc7 Rc8 26. Nd5 Rb7 27. Ne7+ Rxe7 28. Rf2 h6 29. b4 cxb4 30. cxb4 Rb8 31. a3 a6 32. f4 g6 33. g5 hxg5 34. fxg5 Rb5 35. Rd8+ Kg7 36. Rf6 Re6 37. Rxe6 fxe6 38. Rd7+ Kf8 39. Rd6 Ke7 40. Rxa6 e5 41. Rxg6 e4 42. Rc6 Rxg5 43. a4 e3 44. Rc2 Re5 45. Kf1 Rf5+ 46. Ke2 Re5 47. Rc3 Re4 48. Rxe3 Rxe3+ 49. Kxe3 Kd6 50. g4 Kd5 51. g5 Kc4 52. g6 Kxb4 53. g7 Kxa4 54. g8=Q Kb4 55. Qc8 Kb5 56. Kd4 Kb4 57. Qb8+ Ka3 58. Kc3 Ka4 59. Qb4# 1-0

[Event "Junior Online 4NCL Division 3"]
[Site "online"]
[Date "2021.04.15"]
[EventDate "2021.04.15"]
[Round "7.164"]
[White "Dissanayake, Sathsara"]
[WhiteElo "991"]
[WhiteTeam "Leicestershire Juniors 3"]
[Black "Coppell, Gracie"]
[BlackElo "857"]
[BlackTeam "Brentwood School B"]
[Result "0-1"]
[PlyCount "22"]

1. e4 e5 2. Nf3 Nc6 3. d4 d6 4. d5 Nd4 5. Nxd4 exd4 6. Qxd4 Nf6 7. Bg5 Be7 8. e5 dxe5 9. Qxe5 O-O 10. Bxf6 Bxf6 11. Qg3 Bxb2 0-1

[Event "Junior Online 4NCL Division 3"]
[Site "online"]
[Date "2021.04.15"]
[EventDate "2021.04.15"]
[Round "7.165"]
[White "Abraham, Leo"]
[WhiteElo "1076"]
[WhiteTeam "Leicestershire Juniors 3"]
[Black "Antonopoulos, Chris"]
[BlackElo "1353"]
[BlackTeam "Brentwood School B"]
[Result "1/2-1/2"]
[PlyCount "134"]

1. e4 e5 2. Nf3 Nc6 3. Nc3 Bc5 4. Bc4 Nf6 5. d3 O-O 6. Bg5 h6 7. Bh4 Be7 8. Nd5 Nxd5 9. exd5 Bxh4 10. dxc6 dxc6 11. Nxh4 Qxh4 12. Qf3 Be6 13. Bb3 Qd4 14. c3 Qg4 15. Qxg4 Bxg4 16. O-O Rad8 17. Rfe1 Rfe8 18. Re4 Bf5 19. Re3 Rxd3 20. Rxd3 Bxd3 21. Rd1 Bg6 22. Rd7 e4 23. g3 e3 24. fxe3 Rxe3 25. Rxc7 Re1+ 26. Kf2 Rb1 27. Rxb7 Rxb2+ 28. Kf3 a6 29. Bxf7+ Bxf7 30. Rxb2 Kf8 31. Rf2 Bd5+ 32. Ke3+ Ke7 33. Rb2 Kd6 34. Rb6 Bc4 35. Kd4 Bb5 36. c4 Kc7 37. Rxb5 cxb5 38. cxb5 axb5 39. Kc5 g5 40. Kxb5 h5 41. h3 Kb7 42. a4 h4 43. gxh4 gxh4 44. Kc5 Ka6 45. Kd5 Ka5 46. Ke5 Kxa4 47. Kf5 Kb5 48. Kg5 Kc6 49. Kxh4 Kd7 50. Kh5 Ke8 51. Kg6 Kf8 52. h4 Kg8 53. h5 Kh8 54. Kg5 Kg7 55. h6+ Kh7 56. Kh5 Kh8 57. Kg6 Kg8 58. Kg5 Kh8 59. Kh4 Kg8 60. Kg4 Kh8 61. Kg5 Kh7 62. Kh5 Kh8 63. Kg6 Kg8 64. Kf6 Kh7 65. Kg5 Kh8 66. Kh5 Kh7 67. Kg5 Kh8 1/2-1/2

[Event "Junior Online 4NCL Division 3"]
[Site "online"]
[Date "2021.04.15"]
[EventDate "2021.04.15"]
[Round "7.166"]
[White "Mouratidis, Markos"]
[WhiteElo "1204"]
[WhiteTeam "Brentwood School B"]
[Black "Hilmi, Sofia"]
[BlackElo "1148"]
[BlackTeam "Leicestershire Juniors 3"]
[Result "1-0"]
[PlyCount "131"]

1. e4 e5 2. Nf3 Nc6 3. Bc4 Nf6 4. d3 h6 5. Nc3 Bb4 6. Bd2 d6 7. h3 Bd7 8. a3 Ba5 9. O-O O-O 10. Nb1 Bb6 11. Be3 Bxe3 12. fxe3 Re8 13. Nc3 a6 14. Re1 Be6 15. Bb3 Bxb3 16. cxb3 Qd7 17. d4 Rad8 18. d5 Ne7 19. Qd2 Nh5 20. Qf2 Ng6 21. Nh4 Rf8 22. g4 Nf6 23. Nxg6 fxg6 24. Qg3 Nh7 25. Rf1 Rf7 26. Rxf7 Qxf7 27. Rf1 Qe7 28. Ne2 Rf8 29. Qg2 Ng5 30. h4 Rxf1+ 31. Kxf1 Nf7 32. Qg3 Qf6+ 33. Qf2 Qxf2+ 34. Kxf2 g5 35. h5 Nd8 36. Ng3 Kf7 37. Ke2 Kf6 38. b4 c6 39. Kd3 g6 40. hxg6 Kxg6 41. Kc4 Kf7 42. a4 Kg6 43. b5 axb5+ 44. axb5 cxb5+ 45. Kxb5 Kf7 46. Kb6 Kg7 47. Kc7 Nf7 48. Kxb7 Kf8 49. Kc7 Ke7 50. b4 Nd8 51. b5 Ke8 52. b6 Ke7 53. Nf5+ Ke8 54. Nxd6+ Ke7 55. Nf5+ Ke8 56. d6 Ne6+ 57. Kc8 Nc5 58. b7 Nxb7 59. Kxb7 Kd7 60. Kb6 Kd8 61. Kc6 Kc8 62. d7+ Kd8 63. Kd6 h5 64. gxh5 g4 65. h6 g3 66. h7 1-0

[Event "Junior Online 4NCL Division 3"]
[Site "online"]
[Date "2021.04.15"]
[EventDate "2021.04.15"]
[Round "7.167"]
[White "Sehgal, Garv"]
[WhiteElo "955"]
[WhiteTeam "Leicestershire Juniors 3"]
[Black "Cheema, Dilsher"]
[BlackElo "936"]
[BlackTeam "Brentwood School B"]
[Result "1-0"]
[PlyCount "89"]

1. e4 e5 2. Bc4 Nf6 3. Nf3 Nc6 4. Nc3 Bc5 5. d3 O-O 6. Be3 Bxe3 7. fxe3 d6 8. Qd2 h6 9. O-O-O Be6 10. Bxe6 fxe6 11. d4 exd4 12. exd4 e5 13. dxe5 dxe5 14. Qxd8 Raxd8 15. h3 Rxd1+ 16. Rxd1 g5 17. Kb1 g4 18. hxg4 Nxg4 19. Rc1 Ne3 20. Re1 Nxg2 21. Rg1 Rxf3 22. Rxg2+ Kf8 23. a3 Rf1+ 24. Ka2 Rf4 25. Nd5 Rxe4 26. Nxc7 Rd4 27. Ne6+ Kf7 28. Nxd4 Nxd4 29. Rf2+ Ke6 30. Rf8 e4 31. Re8+ Kf5 32. Kb1 Kf4 33. Kc1 Kf3 34. Kd1 e3 35. Rf8+ Kg2 36. Ke1 Nxc2+ 37. Ke2 h5 38. Rg8+ Kh3 39. Kf3 h4 40. Rg1 Kh2 41. Rg2+ Kh1 42. Rxc2 h3 43. Kxe3 h2 44. Kf3 Kg1 45. Rc1# 1-0

[Event "Junior Online 4NCL Division 3"]
[Site "online"]
[Date "2021.04.15"]
[EventDate "2021.04.15"]
[Round "7.168"]
[White "Coppell, Gracie"]
[WhiteElo "857"]
[WhiteTeam "Brentwood School B"]
[Black "Dissanayake, Sathsara"]
[BlackElo "991"]
[BlackTeam "Leicestershire Juniors 3"]
[Result "1-0"]
[PlyCount "25"]

1. e4 e5 2. Nf3 Nf6 3. Nc3 Nc6 4. Bc4 d6 5. h3 Qe7 6. O-O Nh5 7. d3 Nf4 8. Bxf4 exf4 9. Nd5 Qd7 10. Nxf4 g5 11. Nxg5 f6 12. Nge6 Bh6 13. Qh5+ 1-0

[Event "Junior Online 4NCL Division 4"]
[Site "online"]
[Date "2021.01.21"]
[Round "1.11"]
[White "Korossy, Nandi"]
[Black "Ethelontis, Elena"]
[Result "1-0"]
[WhiteElo "1610"]
[BlackElo "1231"]
[PlyCount "111"]
[EventDate "2021.01.21"]
[WhiteTeam "Wanstead Warriors 1"]
[BlackTeam "Barnet Knights C"]

1. e4 e5 2. Nf3 Nc6 3. Bc4 Nf6 4. Ng5 d5 5. exd5 Nd4 6. d6 Qxd6 7. Nxf7 Qc6 8.
c3 Qxc4 9. Nxh8 Nc6 10. d3 Qd5 11. O-O Bd6 12. Bg5 Be7 13. Bxf6 Bxf6 14. Qh5+
g6 15. Nxg6 hxg6 16. Qxg6+ Qf7 17. Qxf7+ Kxf7 18. f4 exf4 19. Rxf4 Be6 20. Nd2
Rg8 21. Raf1 Rg6 22. Ne4 Ke7 23. Nxf6 Ne5 24. d4 Nd3 25. R4f3 Nxb2 26. d5 Bg4
27. Nxg4 Rxg4 28. Rf7+ Kd6 29. R1f6+ Kc5 30. Rxc7+ Kxd5 31. Rxb7 Nd3 32. Rd7+
Kc4 33. Rc6+ Nc5 34. Rdc7 Rg5 35. Rxc5+ Rxc5 36. Rxc5+ Kxc5 37. h4 Kd6 38. Kf2
Ke5 39. g4 Kf6 40. Kf3 Kg6 41. c4 Kf6 42. c5 Ke6 43. h5 Kd5 44. h6 Kxc5 45. h7
Kc4 46. h8=Q a5 47. g5 Kb4 48. g6 a4 49. g7 Ka3 50. g8=Q Kb4 51. Qd4+ Ka3 52.
Qf8+ Kxa2 53. Qxa4+ Kb2 54. Qfb4+ Kc1 55. Qa1+ Kc2 56. Qbc3# 1-0

[Event "Junior Online 4NCL Division 4"]
[Site "online"]
[Date "2021.01.21"]
[Round "1.12"]
[White "Rowland, Benjamin"]
[Black "Demetriou, Jay"]
[Result "1/2-1/2"]
[WhiteElo "1227"]
[BlackElo "1519"]
[PlyCount "86"]
[EventDate "2021.01.21"]
[WhiteTeam "Barnet Knights C"]
[BlackTeam "Wanstead Warriors 1"]

1. e4 c5 2. Nc3 d6 3. Bc4 Nc6 4. Nf3 Nf6 5. d4 cxd4 6. Nxd4 g6 7. Nxc6 bxc6 8.
O-O Bg7 9. Bf4 O-O 10. Qe2 Re8 11. Rad1 Qc7 12. e5 Nh5 13. exd6 Qb7 14. Qf3 Bd7
15. dxe7 Nxf4 16. Qxf4 Rxe7 17. Rb1 Bf5 18. Bb3 Rae8 19. h3 h6 20. Rfd1 Kh7 21.
a4 Be5 22. Qf3 Bg7 23. g4 Be6 24. Bxe6 Rxe6 25. Kg2 Rf6 26. Qg3 c5+ 27. Kh2 Bf8
28. Nd5 Qc6 29. Nxf6+ Qxf6 30. Rf1 Bd6 31. f4 Re2+ 32. Kh1 Re4 33. Qf2 Rxf4 34.
Qg2 Qd4 35. Rxf4 Qxf4 36. Rf1 Qc4 37. b3 Qc3 38. Rxf7+ Kg8 39. Rxa7 Qe1+ 40.
Qg1 Qe4+ 41. Qg2 Qe1+ 42. Qg1 Qe4+ 43. Qg2 Qe1+ 1/2-1/2